000 00233nam a22000857a 4500
008 161017b xxu||||| |||| 00| 0 eng d
100 _9875
_aRaut,S.,etal.
245 _aArt Education: Teachers H.B VII-VIII
260 _aNew Delhi
_bNCERT
_c2005
999 _c3527
_d3527